Pluck and scrape
| Main Author: | |
|---|---|
| Format: | Book |
| Published: |
London :
Watts Books ,
1993
|
| Series: | Get set... Go!
|
| Subjects: |
MARC
| LEADER | 00000cam a2200000 7i4500 | ||
|---|---|---|---|
| 001 | 0000007666 | ||
| 005 | 20011110.0 | ||
| 020 | |a 0749614366 | ||
| 090 | 0 | 0 | |a J 745 |b HEW |
| 100 | 1 | |a Hewitt, Sally | |
| 245 | 1 | 0 | |a Pluck and scrape |c Sally Hewitt ; photography by Peter Millard |
| 260 | |a London : |b Watts Books , |c 1993 | ||
| 300 | |a 24 p. ; |c 21 cm. | ||
| 490 | 0 | |a Get set... Go! | |
| 650 | 0 | 0 | |a Crafts |x Juvenile literature |
| 999 | |a 052503 |b BUKU |c PINJAMAN |e PERPUSTAKAAN KOMUNITI PETALING JAYA | ||